Land use planning and policy - land use planning institutions in transition case study of Slovakia
Inštitucionálna organizácia územného plánovania na Slovensku v posledných 15 rokoch - tri rozličné modely. Legislatíva, inštitúcie. Územná administratíva, dokumentácia. Územné plánovanie - Estónsko, Litva, Maďarsko, Slovinsko.
Gespeichert in:
| 1. Verfasser: | |
|---|---|
| Format: | Buchkapitel |
| Sprache: | Englisch |
| Schlagworte: | |
| Tags: |
Keine Tags, Fügen Sie das erste Tag hinzu!
|
MARC
| LEADER | 00000naa$a2200000$$$4500 | ||
|---|---|---|---|
| 001 | 0054053 | ||
| 005 | 20250707073746.8 | ||
| 041 | 0 | |a eng | |
| 044 | |a CN | ||
| 245 | 1 | 0 | |a Land use planning and policy - land use planning institutions in transition |b case study of Slovakia |c Milan Buček |
| 520 | |a Inštitucionálna organizácia územného plánovania na Slovensku v posledných 15 rokoch - tri rozličné modely. Legislatíva, inštitúcie. Územná administratíva, dokumentácia. Územné plánovanie - Estónsko, Litva, Maďarsko, Slovinsko. | ||
| 610 | 2 | 0 | |a plánovanie územné |
| 610 | 2 | 0 | |a politika regionálna |
| 610 | 2 | 0 | |a inštitúcia |
| 610 | 2 | 0 | |a legislatíva |
| 610 | 2 | 0 | |a administratíva |
| 610 | 2 | 0 | |a Slovensko |
| 610 | 2 | 0 | |a štúdie prípadové |
| 610 | 2 | 0 | |a Estónsko |
| 610 | 2 | 0 | |a Litva |
| 610 | 2 | 0 | |a Maďarsko |
| 610 | 2 | 0 | |a Slovinsko |
| 100 | 1 | |a Buček, Milan | |